00876nam a2200217 a 450000100100000000500170001000800410002702000180006804000250008610000390011124000500015024501150020026000300031530000280034549000480037350000290042170000330045083000530048395201050053699900170064100004063220201002034250.0130904s2010 sp a 001 0 spa d a9788420639710 aDO-SdBNPbspacBNPHU1 aHawking, S.W.g(Stephen W.)96698310aABrief history of time, from the big to black10aHistoria del tiempo :bDel big bang a los agujeros negros /cStephen W. Hawking; traducción Miguel Ortuño. aMadrid :bAlianza,c2010. a267 p. :bil. ;c20 cm.1 aEl libro de bolsillo ;aCiencia y técnica aUndécima reimpresión1 aOrtuño, Migueletr.966984 0aEl libro de bolsillopCiencia y técnica947029 001050718MOaGRbGRcCTd2013-09-04iLF1l0o p40632-10r2020-06-25w2020-06-25y1ZNo se presta c40122d40122